[Event "HUN-chT U18"]
[Site "Budapest"]
[Date "2022.11.03"]
[Round "7.5"]
[White "Kovacs, Kristof"]
[Black "Koltai, Dora"]
[Result "1-0"]
[WhiteElo "1980"]
[BlackElo "1961"]
[PlyCount "127"]
[EventDate "2022.10.31"]
[EventType "team-swiss"]
[EventRounds "7"]
[EventCountry "HUN"]
[SourceTitle "CBM 211 Extra"]
[Source "ChessBase"]
[SourceDate "2023.01.31"]
[SourceVersion "1"]
[SourceVersionDate "2023.01.31"]
[SourceQuality "1"]
[WhiteTeam "DVTK SE"]
[BlackTeam "Budapest MTK"]
[WhiteTeamCountry "HUN"]
[BlackTeamCountry "HUN"]

1. Nf3 d5 2. d4 Nf6 3. g3 Bg4 4. Bg2 c6 5. Nbd2 e6 6. 0-0 Nbd7 7. b3 Be7 8. Bb2 0-0 9. h3 Bh5 10. c4 Qc7 11. Rc1 a5 12. Ne5 Rac8 13. Ndf3 Bxf3 14. Nxf3 Ne4 15. Qc2 f5 16. Rfd1 Ndf6 17. Ne5 Bd6 18. e3 Qb8 19. Kh2 Rcd8 20. Qe2 Nd7 21. f4 Bc7 22. Bxe4 fxe4 23. Ng4 Nf6 24. Nf2 Rd7 25. Rg1 Bd6 26. Qd2 Qa7 27. c5 Be7 28. Qe2 b6 29. Ba3 bxc5 30. Bxc5 Bxc5 31. Rxc5 Rc7 32. Rgc1 Rfc8 33. Qd2 Nd7 34. Rxa5 Qb6 35. b4 Rb8 36. a3 Rcc8 37. Ng4 Ra8 38. Rxa8 Rxa8 39. Rc3 Ra6 40. Qc2 Qb5 41. Kg2 Kf7 42. Nf2 Ke7 43. Nd1 Kd6 44. Nb2 Qb7 45. Rb3 h6 46. a4 Rb6 47. Qc3 Qb8 48. Kf2 Qb7 49. a5 Rb5 50. Na4 Kc7 51. Qb2 Kd8 52. Nc3 Kc7 53. Nxb5+ Qxb5 54. Qe2 Qa4 55. Rb2 Kb7 56. g4 g6 57. h4 Qa1 58. Kg2 Qa3 59. Qd2 Nf6 60. b5 Qd3 61. Qxd3 exd3 62. b6 Ne4 63. a6+ Kxa6 64. b7 1-0

[Event "HUN-chT U18"]
[Site "Budapest"]
[Date "2022.10.31"]
[Round "1.5"]
[White "Koltai, Dora"]
[Black "Toth, Timea2222"]
[Result "1-0"]
[WhiteElo "1961"]
[BlackElo "1345"]
[PlyCount "99"]
[EventDate "2022.10.31"]
[EventType "team-swiss"]
[EventRounds "7"]
[EventCountry "HUN"]
[SourceTitle "CBM 211 Extra"]
[Source "ChessBase"]
[SourceDate "2023.01.31"]
[SourceVersion "1"]
[SourceVersionDate "2023.01.31"]
[SourceQuality "1"]
[WhiteTeam "Budapest MTK"]
[BlackTeam "Budapest MTK II"]
[WhiteTeamCountry "HUN"]
[BlackTeamCountry "HUN"]

1. e4 c5 2. Nf3 Nc6 3. d4 cxd4 4. Nxd4 g6 5. c4 Bg7 6. Be3 Nf6 7. Nc3 d6 8. Be2 0-0 9. 0-0 Bd7 10. Qd2 Nxd4 11. Bxd4 Bc6 12. f3 Nd7 13. Be3 a6 14. Rac1 b5 15. cxb5 axb5 16. b4 Rb8 17. Nd5 Bxd5 18. Qxd5 Nf6 19. Qc6 Qd7 20. Qxd7 Nxd7 21. Rc7 Rfd8 22. Rfc1 Bf6 23. Ba7 Ra8 24. Kf1 Be5 25. Bxb5 d5 26. Bxd7 Bxc7 27. Rxc7 d4 28. Bxd4 Rxa2 29. Rc8 Rxc8 30. Bxc8 Rc2 31. Ba6 Kf8 32. b5 Rc4 33. Ba7 Ra4 34. b6 Rxa6 35. b7 Ra1+ 36. Kf2 Rb1 37. b8Q+ Rxb8 38. Bxb8 Ke8 39. Ke3 Kd7 40. f4 f6 41. g4 Kc6 42. Ba7 e6 43. e5 f5 44. gxf5 gxf5 45. Kd4 Kb5 46. Bc5 Ka4 47. Kc4 Ka5 48. Bf2 Ka6 49. Kc5 Kb7 50. Kd6 1-0

[Event "Budapest FS07 Nadassy"]
[Site "Budapest"]
[Date "2022.07.11"]
[Round "9.4"]
[White "Vegh, Karoly"]
[Black "Koltai, Dora"]
[Result "0-1"]
[WhiteElo "1930"]
[BlackElo "1764"]
[PlyCount "110"]
[EventDate "2022.07.02"]
[EventType "schev"]
[EventRounds "12"]
[EventCountry "HUN"]
[SourceTitle "EXT 2023"]
[Source "ChessBase"]
[SourceDate "2022.10.05"]
[SourceVersion "1"]
[SourceVersionDate "2022.10.05"]
[SourceQuality "1"]
[WhiteTeam "Strong Row"]
[BlackTeam "Weaker Row"]
[WhiteTeamCountry "HUN"]
[BlackTeamCountry "HUN"]

1. e4 e5 2. f4 d5 3. exd5 exf4 4. Nf3 Nf6 5. Bb5+ c6 6. dxc6 Nxc6 7. Nc3 Bd6 8. 0-0 0-0 9. d4 Bg4 10. Ne2 Nd5 11. c4 Ne3 12. Bxe3 fxe3 13. Qa4 Bxf3 14. Rxf3 Qh4 15. g3 Qe4 16. Bxc6 bxc6 17. Raf1 Qd3 18. Qd1 Qxc4 19. b3 Qa6 20. Nc1 Qb6 21. Ne2 Rae8 22. Qd3 c5 23. d5 Re7 24. Kg2 Rfe8 25. Re1 Qa5 26. Nc3 e2 27. Kf2 Be5 28. a4 Bd4+ 29. Kg2 Re3 30. Rxe3 Rxe3 31. Rxe2 Rxe2+ 32. Nxe2 Qb6 33. Nxd4 cxd4 34. Qb5 Qxb5 35. axb5 f5 36. Kf3 Kf7 37. Ke2 Kf6 38. Kd3 Ke5 39. d6 Kxd6 40. Kxd4 g5 41. h3 h5 42. h4 gxh4 43. gxh4 Ke6 44. Ke3 Ke5 45. Kf3 f4 46. Kf2 Ke4 47. Ke2 f3+ 48. Ke1 Kf4 49. Kf2 Kg4 50. b4 Kf4 51. b6 axb6 52. b5 Kg4 53. Kf1 Kxh4 54. Kf2 Kg4 55. Kf1 Kg3 0-1

[Event "Budapest FS07 Nadassy"]
[Site "Budapest"]
[Date "2022.07.05"]
[Round "4.1"]
[White "Koltai, Dora"]
[Black "Farago, Sandor"]
[Result "0-1"]
[WhiteElo "1764"]
[BlackElo "2141"]
[PlyCount "100"]
[EventDate "2022.07.02"]
[EventType "schev"]
[EventRounds "12"]
[EventCountry "HUN"]
[SourceTitle "EXT 2023"]
[Source "ChessBase"]
[SourceDate "2022.10.05"]
[SourceVersion "1"]
[SourceVersionDate "2022.10.05"]
[SourceQuality "1"]
[WhiteTeam "Weaker Row"]
[BlackTeam "Strong Row"]
[WhiteTeamCountry "HUN"]
[BlackTeamCountry "HUN"]

1. e4 c5 2. Nf3 d6 3. d4 cxd4 4. Nxd4 Nf6 5. Nc3 a6 6. Be2 e6 7. Be3 Qc7 8. 0-0 Be7 9. Kh1 b5 10. Bf3 Bb7 11. a3 Nbd7 12. Qe2 Ne5 13. Rfe1 0-0 14. Bf4 Nxf3 15. Nxf3 Qc6 16. Rad1 Rfe8 17. Nd4 Qb6 18. Bc1 Rac8 19. f4 Rxc3 20. bxc3 Nxe4 21. Qe3 e5 22. Nf5 Nf2+ 23. Kg1 Qxe3 24. Bxe3 Nxd1 25. Rxd1 exf4 26. Nxe7+ Rxe7 27. Rxd6 g5 28. Bd4 f5 29. Bf6 Re2 30. Bxg5 Rxg2+ 31. Kf1 Be4 32. Bxf4 Rxc2 33. Be5 f4 34. Bxf4 Rxc3 35. Rd8+ Kf7 36. Bd6 Rd3 37. Rf8+ Ke6 38. Bb4 a5 39. Re8+ Kf5 40. Bxa5 Rxa3 41. Bc7 Bd3+ 42. Kg2 Ra2+ 43. Kf3 Bc4 44. Re1 b4 45. Ke3 Rc2 46. Rb1 b3 47. h4 b2 48. Rg1 Ba2 49. Rg5+ Ke6 50. Re5+ Kd7 0-1

[Event "Budapest FS07 Nadassy"]
[Site "Budapest"]
[Date "2022.07.03"]
[Round "2.3"]
[White "Koltai, Dora"]
[Black "Hradeczky, Tamas"]
[Result "1/2-1/2"]
[WhiteElo "1764"]
[BlackElo "1935"]
[PlyCount "52"]
[EventDate "2022.07.02"]
[EventType "schev"]
[EventRounds "12"]
[EventCountry "HUN"]
[SourceTitle "EXT 2023"]
[Source "ChessBase"]
[SourceDate "2022.10.05"]
[SourceVersion "1"]
[SourceVersionDate "2022.10.05"]
[SourceQuality "1"]
[WhiteTeam "Weaker Row"]
[BlackTeam "Strong Row"]
[WhiteTeamCountry "HUN"]
[BlackTeamCountry "HUN"]

1. e4 c5 2. Nf3 d6 3. d4 cxd4 4. Nxd4 Nf6 5. Nc3 a6 6. Be2 e5 7. Nb3 Be7 8. Be3 Be6 9. Qd3 Nc6 10. a3 Na5 11. Nxa5 Qxa5 12. b4 Qc7 13. 0-0 Rc8 14. Bd2 0-0 15. Rac1 b5 16. Rfd1 Bc4 17. Qf3 Bxe2 18. Nxe2 Qb7 19. Ng3 Rc4 20. Re1 Rfc8 21. c3 Re8 22. Qd3 d5 23. exd5 Rd8 24. Rxe5 Bd6 25. Re2 Bf8 26. Qf3 Qxd5 1/2-1/2

[Event "Budapest FS08 Nadassy"]
[Site "Budapest"]
[Date "2021.08.17"]
[Round "10"]
[White "Koltai, Dora"]
[Black "Szalanczy, Emil"]
[Result "0-1"]
[WhiteElo "1897"]
[BlackElo "2121"]
[PlyCount "118"]
[EventDate "2021.08.07"]
[EventType "swiss"]
[EventRounds "12"]
[EventCountry "HUN"]
[SourceTitle "EXT 2022"]
[Source "ChessBase"]
[SourceDate "2021.10.06"]
[SourceVersion "1"]
[SourceVersionDate "2021.10.06"]
[SourceQuality "1"]
[WhiteTeam "Guests"]
[BlackTeam "Hungary"]
[WhiteTeamCountry "HUN"]
[BlackTeamCountry "HUN"]

1. e4 c5 2. Nf3 d6 3. d4 cxd4 4. Nxd4 Nf6 5. Nc3 g6 6. Be3 Bg7 7. f3 Nc6 8. Qd2 0-0 9. g4 Bxg4 10. fxg4 Nxg4 11. Nb3 d5 12. exd5 Nxe3 13. Qxe3 Bxc3+ 14. bxc3 Qxd5 15. Rg1 Rac8 16. Rd1 Qh5 17. Bd3 Qe5 18. Qxe5 Nxe5 19. Rg3 Rxc3 20. Kd2 Rc7 21. Re1 Nxd3 22. Rxd3 Rfc8 23. c3 e6 24. Re4 Rc4 25. Red4 b6 26. Kc2 R8c7 27. Nd2 Rxd4 28. Rxd4 Kg7 29. Nf3 Kf6 30. Rf4+ Kg7 31. Rd4 Rc5 32. Rd7 Ra5 33. Kb3 Kf6 34. a4 e5 35. Nd2 Ke6 36. Rc7 Rd5 37. Nc4 b5 38. axb5 Rxb5+ 39. Ka4 Rb1 40. Rxa7 Ra1+ 41. Na3 e4 42. Kb3 e3 43. Ra4 f5 44. Nc2 Rxa4 45. Kxa4 f4 46. c4 g5 47. c5 Kd7 48. Kb5 e2 49. Ne1 g4 50. Kc4 f3 51. Kd3 Kc6 52. Ke3 h5 53. h3 Kxc5 54. hxg4 hxg4 55. Nd3+ Kd6 56. Kf2 Kd5 57. Nf4+ Ke4 58. Nxe2 fxe2 59. Kxe2 g3 0-1

[Event "Budapest FS08 Nadassy"]
[Site "Budapest"]
[Date "2021.08.16"]
[Round "9"]
[White "Farago, Sandor"]
[Black "Koltai, Dora"]
[Result "1-0"]
[WhiteElo "2128"]
[BlackElo "1897"]
[PlyCount "97"]
[EventDate "2021.08.07"]
[EventType "swiss"]
[EventRounds "12"]
[EventCountry "HUN"]
[SourceTitle "EXT 2022"]
[Source "ChessBase"]
[SourceDate "2021.10.06"]
[SourceVersion "1"]
[SourceVersionDate "2021.10.06"]
[SourceQuality "1"]
[WhiteTeam "Hungary"]
[BlackTeam "Guests"]
[WhiteTeamCountry "HUN"]
[BlackTeamCountry "HUN"]

1. e4 e5 2. Nf3 Nf6 3. Nc3 Bb4 4. Bc4 0-0 5. d3 Nc6 6. Bg5 d6 7. a3 Bxc3+ 8. bxc3 Be6 9. Nd2 Na5 10. Ba2 h6 11. Bh4 c5 12. c4 Nc6 13. 0-0 g5 14. Bg3 Bg4 15. f3 Bh5 16. c3 Bg6 17. Rf2 Nh5 18. Nf1 f5 19. exf5 Rxf5 20. d4 exd4 21. cxd4 Nxd4 22. Bb1 Rf6 23. Ne3 Bxb1 24. Rxb1 b6 25. Nd5 Rf7 26. Qd3 Kg7 27. Re1 Qd7 28. f4 Nxg3 29. hxg3 g4 30. Re4 h5 31. Rxd4 cxd4 32. Qxd4+ Kh6 33. Re2 Raf8 34. Kh2 Kh7 35. Re4 Kg8 36. Qe3 Rh7 37. Ne7+ Kf7 38. Qd3 Qb7 39. Nf5 Kg8 40. Nxd6 Qd7 41. Qd5+ Kh8 42. Re6 h4 43. Rg6 hxg3+ 44. Kxg3 Rh1 45. Qe5+ Kh7 46. Re6 Kg8 47. Re7 Rh7 48. Rxd7 Rxd7 49. Qe6+ 1-0

[Event "Budapest FS08 Nadassy"]
[Site "Budapest"]
[Date "2021.08.15"]
[Round "8"]
[White "Koltai, Dora"]
[Black "Kahn, Evarth"]
[Result "1/2-1/2"]
[WhiteElo "1897"]
[BlackElo "2149"]
[PlyCount "119"]
[EventDate "2021.08.07"]
[EventType "swiss"]
[EventRounds "12"]
[EventCountry "HUN"]
[SourceTitle "EXT 2022"]
[Source "ChessBase"]
[SourceDate "2021.10.06"]
[SourceVersion "1"]
[SourceVersionDate "2021.10.06"]
[SourceQuality "1"]
[WhiteTeam "Guests"]
[BlackTeam "Hungary"]
[WhiteTeamCountry "HUN"]
[BlackTeamCountry "HUN"]

1. e4 c5 2. Nf3 d6 3. d4 cxd4 4. Nxd4 Nf6 5. Nc3 g6 6. Be3 Bg7 7. f3 0-0 8. Qd2 Nc6 9. g4 h5 10. gxh5 Nxh5 11. 0-0-0 Qa5 12. Rg1 Nxd4 13. Bxd4 e5 14. Be3 Be6 15. Kb1 Nf4 16. a3 Rfc8 17. Nb5 Qxd2 18. Rxd2 Bh6 19. Nxd6 Rc7 20. Nb5 Rd7 21. Rxd7 Bxd7 22. Bc4 Bxb5 23. Bxb5 Ne2 24. Bxe2 Bxe3 25. Rd1 Rb8 26. Rd7 b5 27. Rd5 b4 28. axb4 Rxb4 29. c3 Rb7 30. Rxe5 Bf4 31. Re8+ Kg7 32. h3 Kf6 33. Bc4 Kg5 34. Bd5 Rc7 35. Rh8 Be5 36. Rh7 Kf6 37. h4 Bf4 38. h5 Be5 39. h6 Bf4 40. Rh8 Re7 41. h7 Kg7 42. Rf8 Kxh7 43. Rxf7+ Rxf7 44. Bxf7 Kg7 45. Be8 Kf6 46. b4 g5 47. Kb2 Ke5 48. Kb3 Bd2 49. c4 a5 50. bxa5 Bxa5 51. Ka4 Bd2 52. c5 Ke6 53. c6 Bf4 54. Kb5 Bc7 55. Ka6 Ke7 56. Bd7 Kd8 57. Kb5 Ke7 58. Kc5 Kf6 59. Kd5 Bb8 60. Kc5 1/2-1/2

[Event "Budapest FS08 Nadassy"]
[Site "Budapest"]
[Date "2021.08.11"]
[Round "5"]
[White "Koltai, Dora"]
[Black "Koczo, Kristof"]
[Result "1-0"]
[WhiteElo "1897"]
[BlackElo "1975"]
[PlyCount "123"]
[EventDate "2021.08.07"]
[EventType "swiss"]
[EventRounds "12"]
[EventCountry "HUN"]
[SourceTitle "EXT 2022"]
[Source "ChessBase"]
[SourceDate "2021.10.06"]
[SourceVersion "1"]
[SourceVersionDate "2021.10.06"]
[SourceQuality "1"]
[WhiteTeam "Guests"]
[BlackTeam "Hungary"]
[WhiteTeamCountry "HUN"]
[BlackTeamCountry "HUN"]

1. e4 c6 2. d4 d5 3. exd5 cxd5 4. Bd3 Nc6 5. c3 g6 6. Nf3 Nh6 7. Bf4 Bf5 8. 0-0 Bxd3 9. Qxd3 Nf5 10. Nbd2 Bg7 11. Rfe1 0-0 12. Nf1 a6 13. Ne3 Nxe3 14. Qxe3 e6 15. h4 h5 16. Bg5 Qd7 17. Ne5 Nxe5 18. dxe5 b5 19. g4 hxg4 20. Bf6 Bxf6 21. exf6 Kh7 22. Qg5 Rh8 23. h5 Kg8 24. hxg6 fxg6 25. Qxg6+ Kf8 26. Rxe6 Qh7 27. Qxh7 Rxh7 28. Rd6 Kf7 29. Rd7+ Kg6 30. Rxh7 Kxh7 31. Rd1 Kg6 32. Rxd5 Kxf6 33. Kg2 Re8 34. Rd6+ Kf5 35. Rxa6 Re2 36. b3 Kf4 37. Rf6+ Ke5 38. Rb6 Rxa2 39. Rxb5+ Kf4 40. Rb4+ Kf5 41. Kg3 Rc2 42. Rc4 Ke5 43. b4 Kd5 44. Rc8 Kd6 45. b5 Kd7 46. Rc6 Rb2 47. c4 Rc2 48. c5 Rc4 49. Rd6+ Ke7 50. Rd5 Ke6 51. Rg5 Kf6 52. Rxg4 Rc3+ 53. f3 Rxc5 54. Rb4 Rc7 55. b6 Rb7 56. Kf4 Ke6 57. Ke4 Kd6 58. Kd4 Kc6 59. f4 Rd7+ 60. Ke5 Re7+ 61. Kf6 Rb7 62. Ke6 1-0

[Event "Budapest FS08 Nadassy"]
[Site "Budapest"]
[Date "2021.08.10"]
[Round "4"]
[White "Szalanczy, Emil"]
[Black "Koltai, Dora"]
[Result "1-0"]
[WhiteElo "2121"]
[BlackElo "1897"]
[PlyCount "113"]
[EventDate "2021.08.07"]
[EventType "swiss"]
[EventRounds "12"]
[EventCountry "HUN"]
[SourceTitle "EXT 2022"]
[Source "ChessBase"]
[SourceDate "2021.10.06"]
[SourceVersion "1"]
[SourceVersionDate "2021.10.06"]
[SourceQuality "1"]
[WhiteTeam "Hungary"]
[BlackTeam "Guests"]
[WhiteTeamCountry "HUN"]
[BlackTeamCountry "HUN"]

1. e4 e5 2. Nf3 Nf6 3. Nxe5 d6 4. Nf3 Nxe4 5. d4 d5 6. Bd3 Nc6 7. 0-0 Be7 8. Nc3 Nf6 9. Bf4 Bg4 10. Nb5 Rc8 11. c3 a6 12. Na3 0-0 13. Nc2 Ne4 14. Ne3 Bh5 15. Nf5 Bg5 16. Be3 Qf6 17. Ng3 Bxf3 18. gxf3 Nxg3 19. hxg3 Bxe3 20. fxe3 Qg5 21. Kf2 Rce8 22. f4 Qe7 23. Qf3 Qe6 24. g4 Ne7 25. Rh1 f5 26. Rag1 g6 27. Rg3 fxg4 28. Qxg4 Qxg4 29. Rxg4 Nf5 30. Rh3 Nd6 31. Rh5 Nc4 32. Bxc4 dxc4 33. Rc5 c6 34. Rxc4 Re4 35. Rc5 Rfe8 36. Rg3 Kf7 37. Rcg5 Kf6 38. a4 b6 39. a5 b5 40. b3 R4e6 41. Rc5 h6 42. Ke2 Rf8 43. Kd3 Ke7 44. c4 bxc4+ 45. bxc4 Rb8 46. Re5 Rxe5 47. dxe5 Rd8+ 48. Ke4 Kf7 49. f5 gxf5+ 50. Kxf5 h5 51. e6+ Ke7 52. Rg7+ Kd6 53. Kf6 h4 54. c5+ Kxc5 55. e7 Rd6+ 56. Kf7 Rd7 57. Kf8 1-0

[Event "HUN-ch U16 Girls"]
[Site "Budapest"]
[Date "2020.10.30"]
[Round "9"]
[White "Sulyok, Eszter"]
[Black "Koltai, Dora"]
[Result "1-0"]
[WhiteElo "1971"]
[BlackElo "1891"]
[PlyCount "133"]
[EventDate "2020.10.24"]
[EventType "tourn"]
[EventRounds "10"]
[EventCountry "HUN"]
[SourceTitle "CBM 199 Extra"]
[Source "ChessBase"]
[SourceDate "2021.01.31"]
[SourceVersion "1"]
[SourceVersionDate "2021.01.31"]
[SourceQuality "1"]

1. c4 c6 2. g3 d5 3. Bg2 Nf6 4. Nf3 dxc4 5. Na3 Qd5 6. 0-0 Be6 7. Nc2 g6 8. Nfd4 Qd7 9. Nxe6 Qxe6 10. Nd4 Qd6 11. Nb5 Qd7 12. Na3 Qe6 13. Qc2 Nbd7 14. Nxc4 Nb6 15. Na5 Rb8 16. d3 Qf5 17. Nxb7 Rxb7 18. Bxc6+ Rd7 19. a4 Bg7 20. a5 Nc8 21. Be4 Nxe4 22. Qxc8+ Rd8 23. Qc6+ Qd7 24. Qxe4 0-0 25. Rb1 Rb8 26. b4 Bc3 27. Be3 Rfc8 28. Bc5 e6 29. d4 Qa4 30. Rfc1 Bxb4 31. Rc4 Qxa5 32. Rcxb4 Rxb4 33. Rxb4 Qa1+ 34. Kg2 a5 35. Rb7 Qa2 36. Qf3 e5 37. d5 f5 38. Ba7 a4 39. d6 e4 40. Qe3 Qd5 41. Rc7 Rf8 42. Qd4 Qxd4 43. Bxd4 Rd8 44. Bf6 Rxd6 45. Rg7+ Kf8 46. Be7+ Kxg7 47. Bxd6 Kf6 48. f4 Ke6 49. Bf8 Kd5 50. Kf2 Kc4 51. Ke3 Kc3 52. g4 Kc2 53. gxf5 gxf5 54. Kd4 Kd2 55. e3 Ke2 56. Bc5 Kf3 57. Ke5 Kg4 58. h3+ Kxh3 59. Kxf5 h5 60. Kxe4 Kg2 61. Be7 Kg3 62. f5 h4 63. f6 h3 64. f7 h2 65. Bd6+ Kg2 66. Bxh2 a3 67. Be5 1-0

[Event "HUN-ch U16 Girls"]
[Site "Budapest"]
[Date "2020.10.27"]
[Round "6"]
[White "Koltai, Dora"]
[Black "Ivan, Reka Gyogyver"]
[Result "0-1"]
[WhiteElo "1891"]
[BlackElo "1721"]
[PlyCount "117"]
[EventDate "2020.10.24"]
[EventType "tourn"]
[EventRounds "10"]
[EventCountry "HUN"]
[SourceTitle "CBM 199 Extra"]
[Source "ChessBase"]
[SourceDate "2021.01.31"]
[SourceVersion "1"]
[SourceVersionDate "2021.01.31"]
[SourceQuality "1"]

1. e4 c6 2. d4 d5 3. exd5 cxd5 4. Bd3 Nc6 5. c3 Nf6 6. Bg5 e6 7. Nd2 Be7 8. Ngf3 b6 9. 0-0 0-0 10. Re1 Bb7 11. Ne5 Qc7 12. Ndf3 Nxe5 13. Nxe5 Ne4 14. Bxe7 Qxe7 15. Qh5 Qg5 16. Qf3 h5 17. Qh3 Rfe8 18. Bxe4 dxe4 19. Re3 Rac8 20. Rg3 Qh6 21. Nd7 Re7 22. Qxh5 Qxh5 23. Nf6+ Kh8 24. Nxh5 g6 25. Nf4 Rec7 26. h4 b5 27. Ne2 a5 28. f3 exf3 29. gxf3 b4 30. Kf2 Ba6 31. h5 Bxe2 32. Kxe2 Kg7 33. hxg6 fxg6 34. Rag1 bxc3 35. Rxg6+ Kf7 36. Rg7+ Ke8 37. Rxc7 Rxc7 38. b3 Kf7 39. Rc1 Ke7 40. Kd3 Kd6 41. Rxc3 Rf7 42. Ke4 Rh7 43. Rc5 Ra7 44. Rb5 Kc6 45. a4 Ra6 46. Ke5 Kc7 47. Kf6 Kd6 48. f4 Kd7 49. Re5 Rb6 50. Rxa5 Rxb3 51. Ra7+ Kd6 52. Ra6+ Kd5 53. Rxe6 Rh3 54. Re8 Kxd4 55. f5 Rh6+ 56. Kg7 Ra6 57. f6 Rxa4 58. f7 Ra7 59. Kg8 0-1

[Event "HUN-ch U16 Girls"]
[Site "Budapest"]
[Date "2020.10.27"]
[Round "5"]
[White "Koltai, Dora"]
[Black "Sulyok, Eszter"]
[Result "1/2-1/2"]
[WhiteElo "1891"]
[BlackElo "1971"]
[PlyCount "85"]
[EventDate "2020.10.24"]
[EventType "tourn"]
[EventRounds "10"]
[EventCountry "HUN"]
[SourceTitle "CBM 199 Extra"]
[Source "ChessBase"]
[SourceDate "2021.01.31"]
[SourceVersion "1"]
[SourceVersionDate "2021.01.31"]
[SourceQuality "1"]

1. e4 c5 2. Nf3 Nc6 3. d4 cxd4 4. Nxd4 e6 5. Nc3 Qc7 6. Be2 Nf6 7. 0-0 Bb4 8. Ndb5 Qb8 9. a3 Be7 10. Kh1 a6 11. Nd4 0-0 12. f4 d6 13. Be3 Rd8 14. Qe1 e5 15. fxe5 dxe5 16. Nf5 Bxf5 17. exf5 Nd4 18. Bd3 Qc7 19. Qg3 Kh8 20. Bg5 Nh5 21. Qh4 Bxg5 22. Qxh5 f6 23. Rad1 Qc6 24. Ne4 Bf4 25. c3 Nb3 26. Bc2 Nc5 27. Nxc5 Qxc5 28. Rxd8+ Rxd8 29. Rd1 Rf8 30. Qf3 Qb6 31. b3 Qc7 32. Qd3 Re8 33. Qd7 Qxd7 34. Rxd7 e4 35. g3 e3 36. Bd3 Bh6 37. Be2 g6 38. fxg6 hxg6 39. Kg2 g5 40. Kf3 f5 41. h3 Bg7 42. c4 Re6 43. Rd5 1/2-1/2

[Event "HUN-ch U16 Girls"]
[Site "Budapest"]
[Date "2020.10.25"]
[Round "3"]
[White "Buri, Kata"]
[Black "Koltai, Dora"]
[Result "0-1"]
[WhiteElo "1685"]
[BlackElo "1891"]
[PlyCount "82"]
[EventDate "2020.10.24"]
[EventType "tourn"]
[EventRounds "10"]
[EventCountry "HUN"]
[SourceTitle "CBM 199 Extra"]
[Source "ChessBase"]
[SourceDate "2021.01.31"]
[SourceVersion "1"]
[SourceVersionDate "2021.01.31"]
[SourceQuality "1"]

1. e4 e5 2. Nf3 Nf6 3. Nc3 Bb4 4. Nxe5 0-0 5. Be2 Re8 6. Nd3 Bxc3 7. dxc3 Nxe4 8. Nf4 d6 9. 0-0 Nd7 10. f3 Nef6 11. c4 Ne5 12. b3 Bf5 13. Bb2 a5 14. a4 Nc6 15. Rf2 Nb4 16. Bf1 h6 17. Nd3 Bxd3 18. Bxd3 Nxd3 19. Qxd3 d5 20. Bxf6 Qxf6 21. Raf1 d4 22. Re2 c5 23. Rfe1 Qc6 24. Rxe8+ Rxe8 25. Rxe8+ Qxe8 26. h3 Qe1+ 27. Kh2 g6 28. Qe4 Qxe4 29. fxe4 Kg7 30. Kg3 Kf6 31. Kf4 g5+ 32. Kg4 Ke5 33. Kh5 Kxe4 34. Kxh6 f6 35. Kg6 Ke3 36. Kxf6 Kd2 37. Kxg5 Kxc2 38. h4 d3 39. h5 d2 40. h6 d1Q 41. h7 Qh1 0-1

[Event "HUN-ch U16 Girls"]
[Site "Budapest"]
[Date "2020.10.24"]
[Round "1"]
[White "Ivan, Reka Gyogyver"]
[Black "Koltai, Dora"]
[Result "1/2-1/2"]
[WhiteElo "1721"]
[BlackElo "1891"]
[PlyCount "103"]
[EventDate "2020.10.24"]
[EventType "tourn"]
[EventRounds "10"]
[EventCountry "HUN"]
[SourceTitle "CBM 199 Extra"]
[Source "ChessBase"]
[SourceDate "2021.01.31"]
[SourceVersion "1"]
[SourceVersionDate "2021.01.31"]
[SourceQuality "1"]

1. d4 d5 2. Bf4 Nf6 3. e3 c5 4. Nd2 e6 5. Ngf3 Bd6 6. dxc5 Bxf4 7. exf4 Qa5 8. Bd3 Qxc5 9. 0-0 0-0 10. Re1 Nc6 11. c3 Bd7 12. Qe2 a5 13. Ne5 Rfd8 14. Ndf3 h6 15. g4 Be8 16. g5 hxg5 17. Nxg5 Ne7 18. Ng4 Ne4 19. Nxe4 dxe4 20. Qxe4 Nf5 21. Ne5 a4 22. a3 Bc6 23. Nxc6 bxc6 24. Bc2 Rd2 25. Re2 Rxe2 26. Qxe2 Qb6 27. Rb1 Qa5 28. Qe4 Qb5 29. Qb4 Qe2 30. Qe4 Qb5 31. Bd3 Qc5 32. Qb4 Qxb4 33. axb4 Nd6 34. Ra1 Nb5 35. Bc2 a3 36. Be4 Ra6 37. Bd3 Kf8 38. bxa3 Rxa3 39. Rxa3 Nxa3 40. Be4 Nb5 41. Bxc6 Nxc3 42. b5 Ke7 43. Kg2 Kd6 44. Kf3 Nd5 45. Ke4 Nb4 46. Be8 Ke7 47. Bc6 Nxc6 48. bxc6 Kd6 49. Kd4 Kxc6 50. Kc4 Kd6 51. Kd4 Kc6 52. Ke4 1/2-1/2

[Event "HUN-chT U18"]
[Site "Budapest"]
[Date "2019.10.28"]
[Round "5.5"]
[White "Koltai, Dora"]
[Black "Kocsmar, Akos"]
[Result "1/2-1/2"]
[WhiteElo "1845"]
[BlackElo "1916"]
[PlyCount "32"]
[EventDate "2019.10.26"]
[EventType "team-swiss"]
[EventRounds "7"]
[EventCountry "HUN"]
[SourceTitle "CBM 192 Extra"]
[Source "Chessbase"]
[SourceDate "2019.11.06"]
[SourceVersion "1"]
[SourceVersionDate "2019.11.06"]
[SourceQuality "1"]
[WhiteTeam "Budapest MTK"]
[BlackTeam "Szeged Maroczy"]
[WhiteTeamCountry "HUN"]
[BlackTeamCountry "HUN"]

1. e4 c6 2. d4 d5 3. exd5 cxd5 4. Bd3 Nc6 5. c3 Nf6 6. Bf4 Bg4 7. Qb3 Qd7 8. Nd2 e6 9. Ngf3 Bd6 10. Bxd6 Qxd6 11. 0-0 0-0 12. Rae1 Bxf3 13. Nxf3 Qc7 14. Ne5 Nxe5 15. Rxe5 Ng4 16. Rh5 g6 1/2-1/2

[Event "HUN-chT U18"]
[Site "Budapest"]
[Date "2019.10.28"]
[Round "4.5"]
[White "Szabo, Miklos"]
[Black "Koltai, Dora"]
[Result "0-1"]
[WhiteElo "1796"]
[BlackElo "1845"]
[PlyCount "52"]
[EventDate "2019.10.26"]
[EventType "team-swiss"]
[EventRounds "7"]
[EventCountry "HUN"]
[SourceTitle "CBM 192 Extra"]
[Source "Chessbase"]
[SourceDate "2019.11.06"]
[SourceVersion "1"]
[SourceVersionDate "2019.11.06"]
[SourceQuality "1"]
[WhiteTeam "Penzugyor"]
[BlackTeam "Budapest MTK"]
[WhiteTeamCountry "HUN"]
[BlackTeamCountry "HUN"]

1. e4 e5 2. Nf3 Nf6 3. Nxe5 d6 4. Nf3 Nxe4 5. d4 d5 6. Bd3 Nc6 7. Bf4 Bd6 8. Bxd6 Qxd6 9. h3 0-0 10. Nbd2 Qg6 11. g4 Re8 12. Be2 Nb4 13. a3 Nxd2 14. Kxd2 Nc6 15. c3 Bd7 16. b3 Re7 17. Bd3 Qf6 18. Kc2 Rae8 19. Kb2 Na5 20. Rf1 Qb6 21. Ne5 Ba4 22. Bc2 f6 23. Nf3 Bxb3 24. Nd2 Bc4+ 25. Kc1 Bxf1 26. Nxf1 Re1 0-1

[Event "Budapest Karacsonyi op 10th"]
[Site "Budapest"]
[Date "2018.12.28"]
[Round "2"]
[White "Szabo, Zoltan4444"]
[Black "Koltai, Dora"]
[Result "1-0"]
[WhiteElo "1922"]
[BlackElo "1781"]
[PlyCount "123"]
[EventDate "2018.12.27"]
[EventType "swiss"]
[EventRounds "7"]
[EventCountry "HUN"]
[SourceTitle "CBM 188 Extra"]
[Source "ChessBase"]
[SourceDate "2019.02.26"]
[SourceVersion "1"]
[SourceVersionDate "2019.02.26"]
[SourceQuality "1"]

1. e4 d5 2. exd5 Qxd5 3. Nc3 Qd6 4. d4 Nf6 5. Bc4 a6 6. a4 Bg4 7. f3 Bf5 8. Nge2 Nc6 9. 0-0 e6 10. Bd3 Bxd3 11. Qxd3 Nb4 12. Qd1 Qd7 13. Ne4 Be7 14. c3 Nbd5 15. a5 0-0 16. b4 b6 17. Qd3 b5 18. Bd2 Ne8 19. Rae1 Nd6 20. Nc5 Qc6 21. Nc1 Nf5 22. N1b3 Bd6 23. Re2 Bf4 24. g3 Bxd2 25. Nxd2 Qd6 26. f4 Nf6 27. Qf3 Qd5 28. Nde4 Nxe4 29. Qxe4 Qxe4 30. Rxe4 Ne7 31. Rf3 Nd5 32. Kf2 Rfd8 33. Re2 Kf8 34. Ke1 Rd6 35. Kd2 Nf6 36. h3 Nd7 37. Nxd7+ Rxd7 38. Re5 Rd5 39. Rfe3 Rad8 40. g4 g6 41. Kd3 h6 42. h4 R8d6 43. R3e4 Rd8 44. c4 Rxe5 45. Rxe5 c6 46. Rc5 Rd6 47. cxb5 cxb5 48. Rc7 Ke8 49. Ra7 Kf8 50. Ke4 f5+ 51. gxf5 gxf5+ 52. Ke5 Rc6 53. h5 Kg8 54. Ra8+ Kg7 55. Ra7+ Kg8 56. Re7 Rc4 57. Rxe6 Rxb4 58. Rxh6 Rb1 59. Rxa6 b4 60. Rb6 b3 61. Kxf5 b2 62. a6 1-0